000 00873nam a2200229 a 4500
001 48291
003 BD-RjUL
005 20211209054508.0
008 160813r19531949bg ||||| |||| 00| 0 ben d
020 _c: PRs.3.00
035 _a(BD-RjUL)48410
040 _aBD-RjUL
_bben
_cBD-RjUL
_dBD-RjUL
041 _aben
082 _223
_a891.53
_bMAG 1953
100 _aমান্নান, সৈয়দ আবদুল
_9146219
245 1 0 _aগুলে বাকাগুলী
_cসৈয়দ আবদুল মান্নান,
260 _aঢাকা :
_bমাহফুজ পাবলিকেশনস্‌,
_c১৯৪৯[মুদ্রণ ১৯৫৩]
300 _a১৭৫ পৃ. ;
_c১৮ সেমি.
650 _aমধ্য ইরানের সাহিত্য
_9146220
650 _aMiddle Iranian Literature
_9146221
942 _2ddc
_cBK
999 _c48291
_d48291